Návrh a realizácia detekčného modelu výroby metamfetamínu z dátových zdrojov získaných z prítokov čistiarní odpadových vôd
Saved in:
| Main Author: | |
|---|---|
| Other Authors: | |
| Format: | Manuscript Book |
| Language: | Slovak |
| Published: |
2025
|
| Subjects: | |
| Online Access: | http://is.stuba.sk/zp/portal_zp.pl?podrobnosti=170269 |
| Tags: |
No Tags, Be the first to tag this record!
|
MARC
| LEADER | 00000ntm a22000003a 4500 | ||
|---|---|---|---|
| 001 | stuzp103826 | ||
| 003 | SK-STU | ||
| 005 | 20250614212256.5 | ||
| 007 | ta | ||
| 008 | 150427s2015----xo-----f-mn---000-0-slo-d | ||
| 040 | |a STU |b slo | ||
| 041 | 0 | |a slo | |
| 100 | 1 | |a Jančíová, Barbora |u 066000 |k Z7 |4 aut |U MTF Materiálovotechnologická fakulta |T MTF Ústav aplikovanej informatiky, automatizácie a mechatroniky |X 91612 |U M6000 |Y 86 |7 91612 | |
| 242 | 0 | 1 | |a Design and development of a methamphetamine production detection model based on input data from wastewater treatment plant inflows |y eng |
| 245 | 1 | 0 | |a Návrh a realizácia detekčného modelu výroby metamfetamínu z dátových zdrojov získaných z prítokov čistiarní odpadových vôd |
| 260 | |c 2025 | ||
| 650 | 4 | |a Random Forest classifier |2 eng | |
| 650 | 4 | |a machine learning |2 eng | |
| 650 | 4 | |a amphetamine and methamphetamine ratio |2 eng | |
| 650 | 4 | |a illicit drugs |2 eng | |
| 650 | 4 | |a Wastewater-based epidemiology |2 eng | |
| 650 | 4 | |a Python |2 eng | |
| 650 | 4 | |a spike detection |2 eng | |
| 650 | 4 | |a epidemiológia odpadových vôd |2 slo | |
| 650 | 4 | |a pomer amfetamínu a metamfetamínu |2 slo | |
| 650 | 4 | |a ilegálna výroba |2 slo | |
| 650 | 4 | |a Python |2 slo | |
| 650 | 4 | |a klasifikátor Random Forest |2 slo | |
| 650 | 4 | |a detekcia špičiek |2 slo | |
| 650 | 4 | |a strojové učenie |2 slo | |
| 700 | 1 | |a Takáč, Zdenko |u 066000 |k Z1 |4 ths |U MTF Materiálovotechnologická fakulta |T MTF Ústav aplikovanej informatiky, automatizácie a mechatroniky |X 43247 |U M6000 |Y 86 |7 A000043247 | |
| 856 | 4 | |u http://is.stuba.sk/zp/portal_zp.pl?podrobnosti=170269 | |
| 996 | |c M* DP-15559 |l MMSKP |s P |a 0 |w stuzp103826_0001 | ||